000 00514nam a2200193Ia 4500
005 20250425162712.0
008 250425s9999 xx 000 0 und d
041 _aeng
082 _a639.5
245 0 _aDIRECTRICES INTERNACIONALES PARA LA ORDENACION DE LAS PESQUERIAS DE AGUAS PROFUNDAS EN ALTA MAR
250 _aS.E
260 _aEstados Unidos
_bFAO
_c2009
260 _aNEW YORK
300 _a73
500 _aFOLLETO FAO
650 _aPESQUERIA-ASPECTOS ECONOMICOS
942 _c01
010 _a97737
999 _c234683
_d234683